000 01058nam a2200265Ia 4500
005 20250622124033.0
008 250617s9999||||xx |||||||||||||| ||ara||
017 _a2024/29990
_bمصر. دار الكتب
020 _a9789778850130
082 0 4 _a"916,232"
_bع أ
100 0 _aعبد الهادى محمود محمد
245 1 0 _aأرمنت وآثارها حتى نهاية العصر المتأخر ( فى ضوء الاكتشافات الحديثة ) =
_cعبد الهادى محمود محمد
246 _aArmant and its Monuments until the End of the Late Period in Light of Recent Discoveries /
250 _aط1
260 3 _aالقاهرة :
_b"المؤسسة الدولية للكتاب،"
_c2025.
300 _a408ص :
_bلوحات ؛
_c25سم.
650 _aالآثار
650 _aالحفريات الأثرية
650 _aالعمارة القديمة
650 _aالفن القديم
651 _aأرمنت
_x الآثار
651 _aمصر
_x الآثار
942 _cBK
999 _c67595
_d67595